[Event "IECC Swiss email"]
[Site "IECC email"]
[Date "1999.05.03"]
[Round "?"]
[White "Smirnov, Anatoliy"]
[Black "Baier, Andreas"]
[Result "0-1"]
[WhiteElo "1644"]
[BlackElo "1439"]
[PlyCount "20"]
[EventDate "1999.??.??"]
[EventType "tourn (corr)"]
[EventRounds "6"]
[SourceTitle "Corr 2008"]
[Source "ChessBase"]
[SourceDate "2008.06.24"]
[SourceVersion "1"]
[SourceVersionDate "2008.06.24"]
[SourceQuality "1"]

1. Nf3 d5 2. g3 c5 3. Bg2 Nc6 4. 0-0 e5 5. d3 Nf6 6. Nbd2 Bd6 7. e4 0-0 8. Re1 Re8 9. exd5 Nxd5 10. Nc4 Bg4 0-1

[Event "IECC KO email"]
[Site "IECC email"]
[Date "1999.04.29"]
[Round "?"]
[White "Zoedl, Heinrich"]
[Black "Smirnov, Anatoliy"]
[Result "1-0"]
[WhiteElo "1935"]
[BlackElo "1573"]
[PlyCount "31"]
[EventDate "1999.??.??"]
[EventType "tourn (corr)"]
[EventRounds "6"]
[SourceTitle "Corr 2008"]
[Source "ChessBase"]
[SourceDate "2008.06.24"]
[SourceVersion "1"]
[SourceVersionDate "2008.06.24"]
[SourceQuality "1"]

1. e4 e5 2. f4 exf4 3. Nf3 d6 4. Bc4 h6 5. h4 Nf6 6. Nc3 Be7 7. d3 Nh5 8. Ne5 dxe5 9. Qxh5 0-0 10. Qxe5 Bxh4+ 11. Kf1 Bf6 12. Qxf4 Be6 13. Nd5 Bxd5 14. Bxd5 c6 15. Bb3 Nd7 16. Qg3 1-0

[Event "IECC Swiss email"]
[Site "IECC email"]
[Date "1998.12.16"]
[Round "?"]
[White "Castillo, German"]
[Black "Smirnov, Anatoliy"]
[Result "1-0"]
[WhiteElo "2016"]
[BlackElo "1826"]
[PlyCount "61"]
[EventDate "1998.??.??"]
[EventType "tourn (corr)"]
[EventRounds "6"]
[SourceTitle "Corr 2008"]
[Source "ChessBase"]
[SourceDate "2008.06.24"]
[SourceVersion "1"]
[SourceVersionDate "2008.06.24"]
[SourceQuality "1"]

1. e4 e5 2. f4 exf4 3. Nf3 d6 4. Bc4 h6 5. d3 g5 6. g3 Bh3 7. Nd4 d5 8. exd5 Bg7 9. c3 Bxd4 10. cxd4 Bg2 11. Rg1 Bxd5 12. gxf4 f6 13. Qh5+ Kf8 14. fxg5 Bxc4 15. g6 Qe7+ 16. Kf2 Kg7 17. dxc4 Nc6 18. d5 Ne5 19. Kg2 Nxc4 20. Nc3 Re8 21. Kh1 Qc5 22. a3 c6 23. Qf3 Ne7 24. Qxf6+ Kxf6 25. Ne4+ Kg7 26. Nxc5 b6 27. Ne6+ Kg8 28. b3 Ne5 29. Bb2 Nxd5 30. Raf1 Nd7 31. g7 1-0